A geography of South America, (Record no. 187589)
[ view plain ]
| 000 -LEADER | |
|---|---|
| fixed length control field | 00851 a2200169 4500 |
| 003 - CONTROL NUMBER IDENTIFIER | |
| control field | Nust |
| 005 - DATE AND TIME OF LATEST TRANSACTION | |
| control field | 20230504135112.0 |
| 040 ## - CATALOGING SOURCE | |
| Transcribing agency | Nust |
| 082 ## - DEWEY DECIMAL CLASSIFICATION NUMBER | |
| Classification number | 980,LYD |
| 100 ## - MAIN ENTRY--PERSONAL NAME | |
| Personal name | Lyde, Lionel W |
| 9 (RLIN) | 112132 |
| 245 ## - TITLE STATEMENT | |
| Title | A geography of South America, |
| Remainder of title | Including West indies / |
| Statement of responsibility, etc. | Lionel .W Lyde |
| 260 ## - PUBLICATION, DISTRIBUTION, ETC. | |
| Place of publication, distribution, etc. | London |
| Name of publisher, distributor, etc. | Adam And Charles |
| Date of publication, distribution, etc. | 1914 |
| 300 ## - PHYSICAL DESCRIPTION | |
| Extent | 87:p |
| 505 ## - FORMATTED CONTENTS NOTE | |
| Formatted contents note | Introduction (Page-1), Surroundings (Page-3), Surface (Page-7), Climate (Page-15), Productions (Page-18), Political Divisions (Page-21), Colombia (Page-24), Ecuador (Page-27), Peru (Page-29), Bolivia (Page-32), Chile (Page-34), The Argentine Republic (Page-38), Uruguay and Paraguay (Page-42), Brazil (Page-45), The Guiana (Page-49), The West Indies (Page-54), Problem Paper (Page-71), Problems and Exercises (Page-73). |
| 650 ## - SUBJECT ADDED ENTRY--TOPICAL TERM | |
| Topical term or geographic name entry element | A geography |
| 9 (RLIN) | 112133 |
| 942 ## - ADDED ENTRY ELEMENTS (KOHA) | |
| Source of classification or shelving scheme | |
| Koha item type | Book |
| Call number prefix | 980,LYD |
| Withdrawn status | Lost status | Source of classification or shelving scheme | Damaged status | Not for loan | Permanent Location | Current Location | Shelving location | Date acquired | Full call number | Barcode | Date last seen | Price effective from | Koha item type | Public note |
|---|---|---|---|---|---|---|---|---|---|---|---|---|---|---|
| Military College of Signals (MCS) | Military College of Signals (MCS) | General Stacks | 12/12/2016 | 980,LYD | MCS29204 | 12/08/2016 | 12/12/2016 | Book | Almirah No. 75, Shelf No. 8 |
